| 000 | 01175cam a2200277 a 4500 | ||
|---|---|---|---|
| 999 |
_c127140 _d127140 |
||
| 001 | 12524192 | ||
| 003 | ARRUPE | ||
| 005 | 20171025092028.0 | ||
| 008 | 010901s2002 pau b 001 0 eng | ||
| 010 | _a 2001047602 | ||
| 020 | _a0791063364 (alk. paper) | ||
| 040 |
_aDLC _cDLC _dDLC |
||
| 043 | _af-nr--- | ||
| 050 | 0 | 0 | _aPR-534-1 |
| 082 | 0 | 0 |
_a823/.914 _221 |
| 100 |
_aAchebe, Chinua _937245 |
||
| 245 | 0 | 0 |
_aThings fall apart / _cChinua Achebe |
| 260 |
_aHarare : _bZimbabawe Educational Books, _c1958. |
||
| 300 |
_avii, 216 p. ; _c24 cm. |
||
| 440 | 0 |
_aModern critical interpretations _937246 |
|
| 504 | _aIncludes bibliographical references (p. 201-203) and index. | ||
| 600 | 1 | 0 |
_aAchebe, Chinua. _tThings fall apart. _98572 |
| 650 | 0 |
_aIgbo (African people) in literature. _936694 |
|
| 651 | 0 |
_aNigeria _xIn literature. _93824 |
|
| 700 | 1 |
_aBloom, Harold. _937247 |
|
| 906 |
_a7 _bcbc _corignew _d1 _eocip _f20 _gy-gencatlg |
||
| 942 |
_2lcc _cMONOGRAPH |
||